• 首页
  • 本馆介绍
  • 公告通知
  • 最新文献
  • 馆藏检索
  • 电子资源
  • 读者导购
  • 参考咨询
  • 我的图书馆
  • 登录
  • 详细信息显示
  • 放入我的书架
  • 预约/预借图书
  • 作者相关作品
  • 分类相关作品
  • 丛书相关作品
  • 出版社相关作品

书目信息

  • 表格格式
  • 工作单格式
  • 卡片格式
题名:
宋应星和天工开物
    
 
作者: 邱锋 著
分册:  
出版信息: 北京   中华书局  1981
页数: 38页
开本: 19cm
丛书名: 中国历史小丛书
单 册:
中图分类: N092 , K-5
科图分类:
主题词: 历史--中国--明代--历史 , 地理
电子资源:
ISBN:
000 00765oam2 2200289 450
001 1560584203
005 20150126165006.75
010    @dCNY0.13
091    @a11018.935
100    @a19950515d1981 em y0chiy0110 ea
101 0  @achi
102    @aCN@b110000
105    @ay z 000yd
200 1  @a宋应星和天工开物@9song ying xing he tian gong kai wu@f邱锋著
210    @a北京@c中华书局@d1981
215    @a38页@d19cm
225 2  @a中国历史小丛书
461  0 @12001 @a中国历史小丛书
600  0 @a宋应星@f(1587~?)@x传记
600  0 @2CT@3S071425@a宋应星@f(1587~?)
606 0  @a历史@y中国@z明代@a历史
606 0  @a地理
690    @aN092@v5
690    @aK-5@v4
701  0 @a邱锋@9qiu feng@4著
801  0 @aCN@bTSSF@c20150126
905    @aZUCC@dK-5@eJY12
    
    宋应星和天工开物/邱锋著.-北京:中华书局,1981
    38页;19cm.-(中国历史小丛书)
    
    
    ISBN :CNY0.13
    
●
相关链接 在E读中查询图书 在五车中查询图书 在当当中查询图书 在豆瓣中查询图书


正题名:宋应星和天工开物     索取号:K-5/JY12         预约/预借

序号 登录号 条形码 馆藏地/架位号 状态 备注
1 7838422   278384222   学院路分馆/ [索取号:K-5/JY12] 在馆    
2 7838423   278384231   学院路分馆/ [索取号:K-5/JY12] 在馆    
唐山师范学院图书馆 欢迎您!
大连网信软件有限公司© 版权所有